[Event "GBR-ch 103th"]
[Site "Bournemouth"]
[Date "2016.07.28"]
[Round "4.38"]
[White "Jina, Taran"]
[Black "Crocker, Philip J"]
[Result "1/2-1/2"]
[WhiteElo "1764"]
[BlackElo "2122"]
[PlyCount "83"]
[EventDate "2016.07.25"]
[EventType "swiss"]
[EventRounds "11"]
[EventCountry "GBR"]

1. d4 Nf6 2. Nf3 g6 3. g3 Bg7 4. Bg2 d5 5. c4 dxc4 6. O-O O-O 7. Na3 Nc6 8.
Nxc4 Be6 9. b3 a5 10. Bb2 Bd5 11. Rc1 Qc8 12. Nce5 Rd8 13. e3 h6 14. Ba3 Qe6
15. Nd3 g5 16. Nc5 Qc8 17. Qc2 b6 18. Nd3 Qe6 19. Nde5 Nxe5 20. Nxe5 Bxg2 21.
Kxg2 c5 22. Rfd1 a4 23. Bb2 Nd5 24. Qc4 Bxe5 25. dxe5 Nb4 26. Qxe6 fxe6 27.
Rxd8+ Rxd8 28. bxa4 Ra8 29. Rc4 Nxa2 30. Ba3 b5 31. Rxc5 b4 32. Bb2 Rxa4 33.
Rb5 Ra8 34. Bd4 Rc8 35. Kf3 Rc2 36. e4 Kf7 37. h3 Rc4 38. Ke3 Nc1 39. Bb2 Na2
40. Kd3 Rc1 41. Kd2 Rc4 42. Kd3 1/2-1/2

[Event "GBR-ch 103th"]
[Site "Bournemouth"]
[Date "2016.07.28"]
[Round "4.39"]
[White "Talbot, Nathan L"]
[Black "Davis, Lee"]
[Result "1-0"]
[WhiteElo "2108"]
[BlackElo "1946"]
[PlyCount "67"]
[EventDate "2016.07.25"]
[EventType "swiss"]
[EventRounds "11"]
[EventCountry "GBR"]

1. Nf3 g6 2. g3 Bg7 3. d4 Nf6 4. Bg2 O-O 5. O-O d6 6. Nc3 c6 7. a4 Nbd7 8. e4
e5 9. Re1 Qc7 10. b3 Rd8 11. Ba3 Bf8 12. Qd2 b6 13. Rad1 Ba6 14. Qg5 h6 15. Qd2
Kg7 16. Na2 c5 17. dxc5 dxc5 18. c4 Kh7 19. Nc3 Bg7 20. Bb2 Nf8 21. Nd5 Nxd5
22. exd5 f6 23. Qc2 Bc8 24. Nh4 f5 25. d6 Qb8 26. Bxa8 Qxa8 27. Bxe5 Ne6 28.
Bxg7 Kxg7 29. Qc3+ Nd4 30. Re7+ Kf6 31. Rxd4 cxd4 32. Qxd4+ Kg5 33. Nf3+ Qxf3
34. Qh4# 1-0

[Event "GBR-ch 103th"]
[Site "Bournemouth"]
[Date "2016.07.28"]
[Round "4.40"]
[White "Mitra, Roman C"]
[Black "Grieve, Harry"]
[Result "1-0"]
[WhiteElo "2073"]
[BlackElo "1994"]
[PlyCount "113"]
[EventDate "2016.07.25"]
[EventType "swiss"]
[EventRounds "11"]
[EventCountry "GBR"]

1. e4 e6 2. d3 c5 3. g3 Nc6 4. Bg2 g6 5. f4 Bg7 6. c3 Nge7 7. Ne2 d5 8. e5 Nf5
9. O-O h5 10. h3 Rb8 11. Qe1 Qb6 12. Qf2 d4 13. Be4 Bf8 14. g4 hxg4 15. hxg4
Nh6 16. Bf3 Qd8 17. Rd1 Be7 18. g5 Nf5 19. Ng3 Rh6 20. Nxf5 exf5 21. Qg2 Rh4
22. Qg3 Rh8 23. Bxc6+ bxc6 24. c4 Be6 25. Nd2 Kd7 26. Nf3 Qb6 27. Rd2 Qa6 28.
Rh2 Qa4 29. Rxh8 Rxh8 30. b3 Qa5 31. Bd2 Qa3 32. Bc1 Qa5 33. Qe1 Bd8 34. Bd2
Qa3 35. Qc1 Qxc1+ 36. Rxc1 Bb6 37. Kg2 Kc7 38. Rh1 Rxh1 39. Kxh1 Kb7 40. Kg2
Ka6 41. Kf2 Ba5 42. Bxa5 Kxa5 43. a3 Kb6 44. Ke2 a5 45. Kd2 a4 46. Kc2 axb3+
47. Kxb3 Ka5 48. Ng1 Bc8 49. Nh3 Ba6 50. Nf2 Bc8 51. Nd1 Be6 52. Nb2 Bd7 53.
Na4 Be6 54. Nxc5 Bc8 55. a4 Be6 56. Nxe6 fxe6 57. c5 1-0

[Event "GBR-ch 103th"]
[Site "Bournemouth"]
[Date "2016.07.28"]
[Round "4.41"]
[White "Keely, Leo A"]
[Black "Bridge, Neil A"]
[Result "0-1"]
[WhiteElo "1938"]
[BlackElo "2044"]
[PlyCount "156"]
[EventDate "2016.07.25"]
[EventType "swiss"]
[EventRounds "11"]
[EventCountry "GBR"]

1. e4 c5 2. Nc3 a6 3. f4 b5 4. g3 Bb7 5. Bg2 e6 6. d3 d5 7. Qe2 Nc6 8. Nf3 Nd4
9. Nxd4 cxd4 10. Nd1 Rc8 11. O-O dxe4 12. dxe4 Nf6 13. f5 e5 14. Bg5 Be7 15.
Bxf6 Bxf6 16. h4 Qc7 17. c3 Qc4 18. Qg4 Ke7 19. cxd4 Qxd4+ 20. Kh1 Rc2 21. Qf3
Rxg2 22. Qxg2 Bxe4 23. Rf3 Rd8 24. Nc3 Bxf3 25. Qxf3 Qd3 26. Qf2 Qd2 27. Qc5+
Qd6 28. Qe3 b4 29. Ne4 Qd4 30. Qe2 Qd3 31. Qg2 Kf8 32. Rc1 Be7 33. b3 Qd7 34.
Rf1 Qb7 35. Re1 Rd4 36. Kh2 Qd7 37. Rf1 Qc6 38. Re1 g6 39. g4 Bxh4 40. Re2 gxf5
41. gxf5 Qh6 42. Qg4 Rd3 43. Kg2 Qg7 44. Qxg7+ Kxg7 45. Nc5 Rd6 46. Ne4 Bd8 47.
Kf3 Rd3+ 48. Kg4 h6 49. Rf2 Rd4 50. Re2 Bg5 51. Kh5 a5 52. Kg4 Rd1 53. Ng3 Rd4+
54. Ne4 Kf8 55. f6 Bxf6 56. Kf5 Be7 57. Kxe5 Rd1 58. Rh2 Bg5 59. Rf2 Ke7 60.
Re2 f6+ 61. Kf5 Kf7 62. Kg4 Kg6 63. Nc5 h5+ 64. Kh3 Rd5 65. Nb7 Kf5 66. Re8
Rd3+ 67. Kg2 Rd2+ 68. Kf3 Rd3+ 69. Kf2 Kf4 70. Ke2 Rd5 71. Rh8 h4 72. Nd8 Kg3
73. Nc6 Kg2 74. Re8 h3 75. Re4 f5 76. Re8 h2 77. Rg8 f4 78. Ne7 f3+ 0-1

[Event "GBR-ch 103th"]
[Site "Bournemouth"]
[Date "2016.07.28"]
[Round "4.42"]
[White "Pleasants, Allan J"]
[Black "Modi, Shyam Jagdish"]
[Result "1/2-1/2"]
[WhiteElo "2038"]
[BlackElo "1655"]
[PlyCount "42"]
[EventDate "2016.07.25"]
[EventType "swiss"]
[EventRounds "11"]
[EventCountry "GBR"]

1. Nf3 Nf6 2. g3 g6 3. Bg2 Bg7 4. c4 O-O 5. O-O d6 6. d4 Nbd7 7. Nc3 e5 8. h3
c6 9. Be3 e4 10. Nd2 d5 11. cxd5 cxd5 12. Rc1 Nb8 13. b4 Ne8 14. Nb3 f5 15.
Nxd5 Nc6 16. b5 Nxd4 17. Nf4 Ne6 18. Qxd8 Nxd8 19. Rfd1 Nf6 20. Bc5 Re8 21. e3
Ne6 1/2-1/2

[Event "GBR-ch 103th"]
[Site "Bournemouth"]
[Date "2016.07.28"]
[Round "4.43"]
[White "Wager, John D"]
[Black "Brewer, Callum D"]
[Result "0-1"]
[WhiteElo "2053"]
[BlackElo "1988"]
[PlyCount "80"]
[EventDate "2016.07.25"]
[EventType "swiss"]
[EventRounds "11"]
[EventCountry "GBR"]

1. d4 Nf6 2. Nf3 d5 3. Bf4 e6 4. e3 c5 5. c3 Nc6 6. h3 Bd6 7. Bxd6 Qxd6 8. Nbd2
a6 9. Bd3 e5 10. dxe5 Nxe5 11. Nxe5 Qxe5 12. O-O O-O 13. Re1 Ne4 14. f4 Qe6 15.
Nxe4 dxe4 16. Bc2 b5 17. Qh5 f5 18. Bb3 c4 19. Bc2 Rd8 20. Rad1 Bb7 21. Rxd8+
Rxd8 22. Rd1 Rxd1+ 23. Qxd1 Qd5 24. Qd4 Qxd4 25. exd4 Kf7 26. Kf2 h6 27. Ke3
Ke6 28. g4 g6 29. Bd1 Bc6 30. h4 Be8 31. h5 gxh5 32. gxf5+ Kxf5 33. Be2 h4 34.
Bf1 Kg4 35. Kxe4 h3 36. f5 Kg3 37. Bxh3 Kxh3 38. d5 Kg4 39. Ke5 Kg5 40. d6 Bd7
0-1

[Event "GBR-ch 103th"]
[Site "Bournemouth"]
[Date "2016.07.29"]
[Round "5.1"]
[White "Pert, Nicholas"]
[Black "Adams, Michael"]
[Result "1/2-1/2"]
[WhiteElo "2570"]
[BlackElo "2727"]
[PlyCount "42"]
[EventDate "2016.07.25"]
[EventType "swiss"]
[EventRounds "11"]
[EventCountry "GBR"]

1. e4 e5 2. Nf3 Nc6 3. Bc4 Bc5 4. c3 Nf6 5. d4 exd4 6. cxd4 Bb4+ 7. Bd2 Nxe4 8.
Bxb4 Nxb4 9. Bxf7+ Kxf7 10. Qb3+ Kf8 11. Qxb4+ Qe7 12. Qxe7+ Kxe7 13. O-O Kd8
14. Re1 Nf6 15. Nc3 d6 16. Ng5 Rf8 17. Re3 h6 18. Nge4 Nxe4 19. Rxe4 Bf5 20.
Re3 Kd7 21. Rae1 Rae8 1/2-1/2

[Event "GBR-ch 103th"]
[Site "Bournemouth"]
[Date "2016.07.29"]
[Round "5.2"]
[White "Howell, David WL"]
[Black "Arkell, Keith C"]
[Result "1-0"]
[WhiteElo "2663"]
[BlackElo "2455"]
[PlyCount "129"]
[EventDate "2016.07.25"]
[EventType "swiss"]
[EventRounds "11"]
[EventCountry "GBR"]

1. e4 d5 2. exd5 Qxd5 3. Nc3 Qd6 4. d4 Nf6 5. Nf3 c6 6. Ne5 Nbd7 7. f4 e6 8. g4
Qc7 9. g5 Nd5 10. Ne4 Ne7 11. Be3 Nf5 12. Qf3 Qa5+ 13. c3 Be7 14. Bc4 h6 15. g6
Nxe5 16. dxe5 fxg6 17. O-O-O Bd7 18. Rhg1 O-O-O 19. Rxg6 Nh4 20. Qg3 Nxg6 21.
Qxg6 Rhe8 22. Qxg7 Qa4 23. Nd2 Bf8 24. Qf7 c5 25. Bb3 Qc6 26. a4 Kb8 27. Bf2
Be7 28. Rg1 Qa6 29. Re1 Bxa4 30. Bc4 Qb6 31. Be3 Bh4 32. Rg1 Qc6 33. Qh5 Be7
34. Qxh6 Rg8 35. Rxg8 Rxg8 36. b3 Bb5 37. Bxb5 Qxb5 38. Qxe6 Re8 39. Kc2 Bf8
40. Qd5 Qa5 41. Nc4 Qa2+ 42. Nb2 Qa6 43. c4 Qg6+ 44. Kc3 Qf5 45. Qd3 Qg4 46.
Nd1 Kc7 47. Nf2 Qh5 48. Ne4 Rd8 49. Qf1 Rd1 50. Qg2 Re1 51. Bxc5 Re2 52. Bd6+
Kc6 53. Qh1 Rxh2 54. Qa1 Qf3+ 55. Kd4 Bxd6 56. Qa4+ Kc7 57. exd6+ Kd8 58. Qa5+
b6 59. Qxa7 Qd1+ 60. Ke5 Qh5+ 61. f5 Qe8+ 62. Kd5 Qg8+ 63. Kc6 Qe8+ 64. Kxb6
Qd7 65. Qc7+ 1-0

[Event "GBR-ch 103th"]
[Site "Bournemouth"]
[Date "2016.07.29"]
[Round "5.3"]
[White "Tan, Justin"]
[Black "Jones, Gawain CB"]
[Result "1/2-1/2"]
[WhiteElo "2438"]
[BlackElo "2650"]
[PlyCount "30"]
[EventDate "2016.07.25"]
[EventType "swiss"]
[EventRounds "11"]
[EventCountry "GBR"]

1. e4 c5 2. c3 d5 3. exd5 Qxd5 4. d4 Nc6 5. Nf3 Bf5 6. Be3 cxd4 7. Nxd4 e6 8.
Nd2 Nxd4 9. Bxd4 Ne7 10. Qb3 Nc6 11. Qxd5 exd5 12. Nf3 Bg4 13. Be2 Bxf3 14.
Bxf3 Nxd4 15. cxd4 O-O-O 1/2-1/2

[Event "GBR-ch 103th"]
[Site "Bournemouth"]
[Date "2016.07.29"]
[Round "5.4"]
[White "Fodor, Tamas Jr"]
[Black "Palliser, Richard JD"]
[Result "0-1"]
[WhiteElo "2505"]
[BlackElo "2422"]
[PlyCount "113"]
[EventDate "2016.07.25"]
[EventType "swiss"]
[EventRounds "11"]
[EventCountry "GBR"]

1. d4 Nf6 2. Bg5 d5 3. e3 c5 4. c3 Ne4 5. Bf4 Qb6 6. Qc1 Nc6 7. Nf3 Bg4 8. Ne5
Nxe5 9. Bxe5 f6 10. Bg3 cxd4 11. exd4 e5 12. Bd3 Nxg3 13. hxg3 e4 14. Bc2 Bd6
15. Bb3 O-O-O 16. Bxd5 e3 17. Bf3 Bxf3 18. gxf3 Qc6 19. O-O exf2+ 20. Kxf2 h5
21. Rh1 g5 22. Nd2 f5 23. Qc2 Rdf8 24. Rag1 g4 25. Qd3 f4 26. gxf4 Bxf4 27. Ne4
Bc7 28. Nd2 Bf4 29. Ne4 Bh2 30. Rxh2 Rxf3+ 31. Qxf3 gxf3 32. Kxf3 Rf8+ 33. Ke3
Qh6+ 34. Rg5 h4 35. Rf2 Rg8 36. Rff5 Rxg5 37. Rxg5 h3 38. Kf3 h2 39. Rc5+ Kb8
40. Nf2 h1=Q+ 41. Nxh1 Qxh1+ 42. Kg3 Qe1+ 43. Kf3 Qb1 44. a4 b6 45. Rb5 Qd1+
46. Ke3 Qxa4 47. Rf5 Qb3 48. Rf2 Kc7 49. Kd3 b5 50. Rc2 Kd6 51. Kd2 Kd5 52. Kc1
Qa2 53. b4 Qa1+ 54. Kd2 Qf1 55. Rc1 Qg2+ 56. Kd3 Qe4+ 57. Kd2 0-1

[Event "GBR-ch 103th"]
[Site "Bournemouth"]
[Date "2016.07.29"]
[Round "5.5"]
[White "Eggleston, David J"]
[Black "Hebden, Mark L"]
[Result "1-0"]
[WhiteElo "2376"]
[BlackElo "2509"]
[PlyCount "97"]
[EventDate "2016.07.25"]
[EventType "swiss"]
[EventRounds "11"]
[EventCountry "GBR"]

1. e4 e5 2. Nf3 Nc6 3. Bc4 Nf6 4. d3 Be7 5. O-O O-O 6. Re1 d6 7. a4 Be6 8. Nbd2
Qd7 9. Nf1 Rae8 10. Bg5 Ng4 11. Ng3 Bxc4 12. dxc4 Bxg5 13. Nxg5 Nh6 14. c3 f6
15. Nf3 f5 16. exf5 Nxf5 17. Qd5+ Kh8 18. c5 Nfe7 19. Qd1 Ng6 20. cxd6 cxd6 21.
c4 Nf4 22. Ra3 Rd8 23. Rae3 b6 24. b3 Qg4 25. Re4 Qg6 26. Nh4 Qf6 27. Nhf5 d5
28. cxd5 Nxd5 29. Qc2 g6 30. Ne3 Nd4 31. Qb2 Nf4 32. Ng4 Qc6 33. Nxe5 Qc2 34.
Qxc2 Nxc2 35. Rf1 Kg7 36. Rc4 Rc8 37. Rd1 Rxc4 38. bxc4 Re8 39. Nc6 a5 40. Kf1
h5 41. h4 Kh6 42. Nd4 Na3 43. Nf3 Rc8 44. Ne4 Nxc4 45. Neg5 Nb2 46. Rd7 Rc1+
47. Ne1 Rxe1+ 48. Kxe1 Nxg2+ 49. Kf1 1-0

[Event "GBR-ch 103th"]
[Site "Bournemouth"]
[Date "2016.07.29"]
[Round "5.6"]
[White "Wells, Peter K"]
[Black "Gormally, Daniel W"]
[Result "1/2-1/2"]
[WhiteElo "2419"]
[BlackElo "2494"]
[PlyCount "72"]
[EventDate "2016.07.25"]
[EventType "swiss"]
[EventRounds "11"]
[EventCountry "GBR"]

1. d4 Nf6 2. Nf3 e6 3. c4 c5 4. d5 d6 5. Nc3 exd5 6. cxd5 g6 7. h3 Bg7 8. e4
O-O 9. Bd3 b5 10. Nxb5 Nxe4 11. Bxe4 Re8 12. Ng5 Qa5+ 13. Nc3 Ba6 14. Bd2 Nd7
15. a4 Qb4 16. f3 Ne5 17. Nb5 Qxb2 18. Rb1 Bxb5 19. axb5 Qd4 20. Qe2 Nc4 21.
Rd1 Nb2 22. Rb1 Nc4 23. Rd1 Nxd2 24. Rxd2 Qe5 25. h4 h6 26. Nxf7 Kxf7 27. Kf2
Bf6 28. g3 Kg7 29. Kg2 Qc3 30. Ra2 Qb3 31. Ra6 c4 32. Rxd6 Qxb5 33. Rc1 Rac8
34. Rc6 Rxc6 35. dxc6 Qxc6 36. Qxc4 Qxc4 1/2-1/2

[Event "GBR-ch 103th"]
[Site "Bournemouth"]
[Date "2016.07.29"]
[Round "5.7"]
[White "Emms, John M"]
[Black "Waddington, Mike P"]
[Result "1/2-1/2"]
[WhiteElo "2467"]
[BlackElo "2018"]
[PlyCount "80"]
[EventDate "2016.07.25"]
[EventType "swiss"]
[EventRounds "11"]
[EventCountry "GBR"]

1. e4 e5 2. Nf3 Nc6 3. Bc4 Bc5 4. c3 Nf6 5. d3 d6 6. Bb3 O-O 7. Bg5 Bb6 8. Nbd2
Be6 9. Nc4 Na5 10. Nxa5 Bxa5 11. Nd2 h6 12. Bh4 Bb6 13. Nc4 Qe7 14. Qe2 Rfe8
15. h3 Rad8 16. Ne3 Bxe3 17. fxe3 g5 18. Bg3 Kg7 19. O-O-O Bxb3 20. axb3 Qe6
21. Rdf1 Nd7 22. h4 Qg6 23. Rf5 f6 24. Rhf1 Rf8 25. d4 Qe8 26. hxg5 hxg5 27.
Qg4 Qg6 28. Qe2 Qe8 29. Qc4 Nb6 30. Qe2 Nd7 31. Kc2 b6 32. b4 c5 33. Ra1 cxb4
34. cxb4 Rc8+ 35. Kd2 Rc7 36. Rff1 Qg6 37. Qd3 Qh5 38. dxe5 Nxe5 39. Bxe5 dxe5
40. Rac1 Rh8 1/2-1/2

[Event "GBR-ch 103th"]
[Site "Bournemouth"]
[Date "2016.07.29"]
[Round "5.8"]
[White "Pert, Richard G"]
[Black "Batchelor, Peter J"]
[Result "1/2-1/2"]
[WhiteElo "2441"]
[BlackElo "2341"]
[PlyCount "49"]
[EventDate "2016.07.25"]
[EventType "swiss"]
[EventRounds "11"]
[EventCountry "GBR"]

1. d4 d5 2. c4 e6 3. Nf3 Nf6 4. Nc3 Be7 5. Bf4 O-O 6. e3 Nbd7 7. c5 c6 8. h3 b6
9. b4 a5 10. a3 Ba6 11. Bxa6 Rxa6 12. O-O Qc8 13. Rb1 axb4 14. axb4 b5 15. Qd3
Qb7 16. Ne1 Rfa8 17. Nc2 Bd8 18. Rbe1 Bc7 19. Bxc7 Qxc7 20. f4 h5 21. Rb1 g6
22. g3 R6a7 23. Rbe1 Ne8 24. Re2 f5 25. g4 1/2-1/2

[Event "GBR-ch 103th"]
[Site "Bournemouth"]
[Date "2016.07.29"]
[Round "5.9"]
[White "Ward, Chris G"]
[Black "Duncan, Chris R"]
[Result "1-0"]
[WhiteElo "2437"]
[BlackElo "2292"]
[PlyCount "85"]
[EventDate "2016.07.25"]
[EventType "swiss"]
[EventRounds "11"]
[EventCountry "GBR"]

1. d4 d6 2. c4 e5 3. d5 f5 4. e4 fxe4 5. Nc3 Nf6 6. Bg5 Bf5 7. Nge2 Be7 8. Ng3
Bg6 9. h4 h6 10. Bxf6 gxf6 11. Be2 O-O 12. Bh5 Bh7 13. Qg4+ Kh8 14. Bg6 Rg8 15.
h5 Qd7 16. Qxe4 Bf8 17. O-O-O Na6 18. Bxh7 Qxh7 19. Qxh7+ Kxh7 20. Nce4 Kg7 21.
Rd3 Nc5 22. Nxc5 dxc5 23. Rf3 Kf7 24. Rh4 Rg5 25. Ne4 Rxg2 26. Rxf6+ Kg7 27.
Rh3 Be7 28. Re6 Bg5+ 29. Nxg5 Rxg5 30. Re7+ Kf6 31. Rxc7 e4 32. Kd2 Ke5 33. Ke3
Re8 34. Rh4 Kd6 35. Rh7 Rg1 36. Rxh6+ Kd7 37. Rh7+ Kd6 38. Rh6+ Kd7 39. Rh7+
Kd6 40. Rxb7 Re1+ 41. Kd2 Rf1 42. Ke2 Rc1 43. h6 1-0

[Event "GBR-ch 103th"]
[Site "Bournemouth"]
[Date "2016.07.29"]
[Round "5.10"]
[White "Jones, Steven A"]
[Black "Houska, Jovanka"]
[Result "0-1"]
[WhiteElo "2186"]
[BlackElo "2386"]
[PlyCount "112"]
[EventDate "2016.07.25"]
[EventType "swiss"]
[EventRounds "11"]
[EventCountry "GBR"]

1. e4 c6 2. d4 d5 3. exd5 cxd5 4. c4 Nf6 5. Nc3 Nc6 6. Nf3 g6 7. cxd5 Nxd5 8.
Qb3 e6 9. Bg5 f6 10. Bd2 Bg7 11. Bc4 Nce7 12. O-O Nxc3 13. bxc3 Nd5 14. Bb5+
Kf7 15. Rfe1 Qb6 16. Qa4 a6 17. Bd3 Qc6 18. Qb3 b5 19. a4 Bd7 20. axb5 axb5 21.
Rxa8 Rxa8 22. Rb1 Bf8 23. Qc2 Qc7 24. h4 Kg7 25. Bxb5 Bxb5 26. Rxb5 Ra1+ 27.
Ne1 Bb4 28. Rxb4 Nxb4 29. Qb2 Ra2 30. Qc1 Nc6 31. Nd3 Qa5 32. Bh6+ Kf7 33. Qf4
Qa7 34. Qe4 Ra1+ 35. Kh2 Qd7 36. h5 Qd5 37. hxg6+ hxg6 38. Qh4 Qh5 39. Qxh5
gxh5 40. Be3 Ra3 41. Nf4 Rxc3 42. d5 e5 43. dxc6 exf4 44. Bxf4 Rxc6 45. g3 Kg6
46. Kg2 Kf5 47. Bb8 Ra6 48. Bc7 Ra2 49. Bb6 Kg4 50. Be3 f5 51. Bc1 h4 52. gxh4
f4 53. h5 f3+ 54. Kh2 Rxf2+ 55. Kg1 Ra2 56. Be3 Kg3 0-1

[Event "GBR-ch 103th"]
[Site "Bournemouth"]
[Date "2016.07.29"]
[Round "5.11"]
[White "Harvey, Marcus R"]
[Black "Coleman, David J"]
[Result "0-1"]
[WhiteElo "2324"]
[BlackElo "2181"]
[PlyCount "80"]
[EventDate "2016.07.25"]
[EventType "swiss"]
[EventRounds "11"]
[EventCountry "GBR"]

1. d4 Nf6 2. c4 Nc6 3. Nc3 e5 4. d5 Ne7 5. h4 Neg8 6. g3 Bc5 7. Nf3 Ng4 8. e3
f5 9. a3 N8h6 10. b4 Be7 11. Bb2 d6 12. Qd2 O-O 13. Be2 a6 14. Ng1 Bd7 15. f3
Nf6 16. f4 Nhg4 17. Nh3 Nh5 18. Bf3 Nxg3 19. Rg1 Bxh4 20. O-O-O Nh5 21. fxe5
dxe5 22. c5 g6 23. c6 bxc6 24. dxc6 Be6 25. Nd5 Nhf6 26. Nxf6+ Bxf6 27. Qe2 Qe7
28. Bxg4 fxg4 29. Nf2 h5 30. Ne4 Bg7 31. Nc5 a5 32. Nxe6 Qxe6 33. b5 Rad8 34.
Qc2 Rxd1+ 35. Rxd1 g3 36. b6 cxb6 37. c7 Kh7 38. Rh1 Qg4 39. Qd3 g2 40. Rg1 h4
0-1

[Event "GBR-ch 103th"]
[Site "Bournemouth"]
[Date "2016.07.29"]
[Round "5.12"]
[White "Gill, Oliver"]
[Black "Kolbus, Dietmar"]
[Result "1/2-1/2"]
[WhiteElo "2102"]
[BlackElo "2315"]
[PlyCount "58"]
[EventDate "2016.07.25"]
[EventType "swiss"]
[EventRounds "11"]
[EventCountry "GBR"]

1. e4 c5 2. b3 Nf6 3. Nc3 d6 4. Bb2 g6 5. Nd5 Bg7 6. Nxf6+ exf6 7. Bc4 O-O 8.
Ne2 f5 9. Bxg7 Kxg7 10. d3 Re8 11. Bd5 Nc6 12. O-O Nb4 13. c4 fxe4 14. dxe4 Qf6
15. Qd2 Nxd5 16. Qxd5 Qe5 17. Qxe5+ dxe5 18. Rfd1 Be6 19. Nc3 Red8 20. f3 Kf8
21. Kf2 Rd7 22. Rxd7 Bxd7 23. Rd1 Bc6 24. Ke3 f6 25. Rd2 Kf7 26. Rd1 Ke6 27.
Nb5 Ke7 28. Nc3 Ke6 29. Nb5 Ke7 1/2-1/2

[Event "GBR-ch 103th"]
[Site "Bournemouth"]
[Date "2016.07.29"]
[Round "5.13"]
[White "Claridge-Hansen, William"]
[Black "Oyama, Akito"]
[Result "1-0"]
[WhiteElo "2299"]
[BlackElo "2183"]
[PlyCount "87"]
[EventDate "2016.07.25"]
[EventType "swiss"]
[EventRounds "11"]
[EventCountry "GBR"]

1. c4 c5 2. g3 g6 3. Bg2 Bg7 4. Nc3 Nc6 5. a3 e6 6. Rb1 Nge7 7. b4 d6 8. e3
cxb4 9. axb4 d5 10. c5 e5 11. b5 Nb8 12. d4 Bf5 13. Ra1 e4 14. Qb3 Be6 15. Nge2
O-O 16. Ra3 Nd7 17. Nf4 g5 18. Nxe6 fxe6 19. Bh3 Rf6 20. Qa2 Rh6 21. Bg4 Qc8
22. Bd2 a6 23. Be2 Nb8 24. Ra5 Qd8 25. Na4 e5 26. dxe5 Bxe5 27. Nb6 Ra7 28.
Nxd5 Nxd5 29. b6 Ra8 30. Bc4 Kg7 31. Bxd5 Nc6 32. Ra4 Qe7 33. Rxe4 Qxc5 34.
Bxc6 Qxc6 35. Rxe5 Qxh1+ 36. Ke2 Rf6 37. Rxg5+ Kh6 38. Rf5 Rxf5 39. Qe6+ Kg7
40. Bc3+ Kf8 41. Qxf5+ Ke7 42. Bb4+ Kd8 43. Qf8+ Kd7 44. Qd6+ 1-0

[Event "GBR-ch 103th"]
[Site "Bournemouth"]
[Date "2016.07.29"]
[Round "5.14"]
[White "Menadue, Jeremy FS"]
[Black "Hill, Alistair"]
[Result "1/2-1/2"]
[WhiteElo "2034"]
[BlackElo "2257"]
[PlyCount "59"]
[EventDate "2016.07.25"]
[EventType "swiss"]
[EventRounds "11"]
[EventCountry "GBR"]

1. d4 Nf6 2. c4 g6 3. Nc3 d5 4. cxd5 Nxd5 5. e4 Nxc3 6. bxc3 Bg7 7. Bb5+ c6 8.
Ba4 O-O 9. Ne2 e5 10. O-O Qe7 11. f3 Rd8 12. Be3 Nd7 13. Qe1 Nb6 14. Bb3 Be6
15. Rb1 Nc4 16. Bf2 Bh6 17. Bh4 f6 18. dxe5 Nxe5 19. Nd4 Bxb3 20. axb3 c5 21.
Nc2 Bd2 22. Qe2 Bxc3 23. f4 Nf7 24. Qc4 Bd4+ 25. Kh1 Qxe4 26. Rbe1 b5 27. Qxf7+
Kxf7 28. Rxe4 a5 29. Nxd4 cxd4 30. Rd1 1/2-1/2

[Event "GBR-ch 103th"]
[Site "Bournemouth"]
[Date "2016.07.29"]
[Round "5.15"]
[White "Asenov, Pavel"]
[Black "Mason, Donald J"]
[Result "1-0"]
[WhiteElo "2250"]
[BlackElo "2143"]
[PlyCount "63"]
[EventDate "2016.07.25"]
[EventType "swiss"]
[EventRounds "11"]
[EventCountry "GBR"]

1. Nf3 Nf6 2. c4 g6 3. Nc3 Bg7 4. e4 d6 5. d4 O-O 6. Be2 e5 7. O-O Nc6 8. d5
Ne7 9. b4 Nh5 10. Re1 Kh8 11. Nd2 Nf4 12. Bf1 Ng8 13. c5 Nf6 14. cxd6 cxd6 15.
a4 Ng4 16. h3 Nf6 17. a5 g5 18. Nc4 g4 19. Ne3 gxh3 20. g3 Bh6 21. gxf4 Rg8+
22. Kh1 Bg4 23. Be2 Bxe2 24. Qxe2 exf4 25. Nf5 Ng4 26. Nxh6 Qh4 27. Nxg4 Rxg4
28. Bb2 Rag8 29. Nb5+ f6 30. Nxd6 h2 31. Bxf6+ Qxf6 32. Nf5 1-0

[Event "GBR-ch 103th"]
[Site "Bournemouth"]
[Date "2016.07.29"]
[Round "5.16"]
[White "Lentzos, Ioannis"]
[Black "Osborne, Marcus E"]
[Result "0-1"]
[WhiteElo "2016"]
[BlackElo "2244"]
[PlyCount "92"]
[EventDate "2016.07.25"]
[EventType "swiss"]
[EventRounds "11"]
[EventCountry "GBR"]

1. e4 c5 2. Nf3 d6 3. Bb5+ Bd7 4. Bxd7+ Nxd7 5. O-O Ngf6 6. Qe2 Rc8 7. b3 g6 8.
c3 Bg7 9. d4 cxd4 10. cxd4 d5 11. e5 Ne4 12. Ng5 Rxc1 13. Rxc1 Nxg5 14. Qb5 O-O
15. Qxb7 e6 16. Nd2 Bh6 17. Rc7 Nb6 18. Qxa7 Nc8 19. Qc5 Nh3+ 20. gxh3 Bxd2 21.
a3 Re8 22. Ra2 Qg5+ 23. Kf1 Ne7 24. h4 Qxh4 25. Rxd2 Qxh2 26. Qb5 Kf8 27. a4
Nf5 28. Qd3 Qh1+ 29. Ke2 Qh5+ 30. Qf3 Qh4 31. Qd3 Rb8 32. a5 Qg4+ 33. f3 Qg2+
34. Kd1 Qg1+ 35. Kc2 Rb4 36. a6 Nxd4+ 37. Qxd4 Rxd4 38. Rxd4 Qxd4 39. a7 Qf2+
40. Kc3 Qe3+ 41. Kc2 Qe2+ 42. Kc1 Qa6 43. b4 Kg7 44. b5 Qa3+ 45. Kd1 d4 46. Rb7
Qxf3+ 0-1

[Event "GBR-ch 103th"]
[Site "Bournemouth"]
[Date "2016.07.29"]
[Round "5.17"]
[White "Lyell, Mark"]
[Black "Miller, Dominic"]
[Result "1-0"]
[WhiteElo "2238"]
[BlackElo "1783"]
[PlyCount "66"]
[EventDate "2016.07.25"]
[EventType "swiss"]
[EventRounds "11"]
[EventCountry "GBR"]

1. e4 e6 2. d4 d5 3. e5 c5 4. c3 Qb6 5. Nf3 Nc6 6. a3 Nh6 7. Ra2 cxd4 8. Bxh6
gxh6 9. cxd4 Bd7 10. Nc3 Rc8 11. Be2 Bg7 12. O-O O-O 13. Na4 Qc7 14. b4 Ne7 15.
Nc5 b6 16. Nxd7 Qxd7 17. Qd2 Qb7 18. Bd3 Ng6 19. h4 h5 20. Rc1 f6 21. exf6 Bxf6
22. Bxg6 hxg6 23. Rac2 Rxc2 24. Qxc2 Qg7 25. Qc6 Qe7 26. Re1 Kf7 27. Re3 Rd8
28. Qc1 Rd7 29. Rc3 Kg7 30. Qf4 Qd8 31. Rc6 Qe7 32. g3 Rd8 33. Kg2 Kh7 1-0

[Event "GBR-ch 103th"]
[Site "Bournemouth"]
[Date "2016.07.29"]
[Round "5.18"]
[White "Rudd, Jack"]
[Black "Payne, Matthew J"]
[Result "0-1"]
[WhiteElo "2213"]
[BlackElo "2040"]
[PlyCount "70"]
[EventDate "2016.07.25"]
[EventType "swiss"]
[EventRounds "11"]
[EventCountry "GBR"]

1. d4 Nf6 2. c4 g6 3. Nc3 Bg7 4. e4 d6 5. f3 O-O 6. Be3 c5 7. d5 Nbd7 8. Qd2
Ne5 9. Bg5 a6 10. f4 Ned7 11. a4 Qa5 12. Ra3 Qb4 13. a5 b5 14. Nf3 bxc4 15. Be2
Rb8 16. Ra2 Qb3 17. Ra3 Qxb2 18. Qxb2 Rxb2 19. Nd2 h6 20. Bh4 g5 21. fxg5 hxg5
22. Bxg5 Ne5 23. O-O Bg4 24. Bxg4 Nfxg4 25. Nd1 Rc2 26. Rg3 f6 27. Bf4 Nd3 28.
Rxg4 Nxf4 29. Nf3 Ne2+ 30. Kh1 Rc1 31. Ne3 Rxf1+ 32. Nxf1 c3 33. Ne3 Rb8 34. h4
Kf7 35. h5 Bh6 0-1

[Event "GBR-ch 103th"]
[Site "Bournemouth"]
[Date "2016.07.29"]
[Round "5.19"]
[White "Kalaiyalahan, Akshaya"]
[Black "Kalavannan, Koby"]
[Result "1/2-1/2"]
[WhiteElo "2288"]
[BlackElo "2131"]
[PlyCount "43"]
[EventDate "2016.07.25"]
[EventType "swiss"]
[EventRounds "11"]
[EventCountry "GBR"]

1. d4 Nf6 2. c4 g6 3. Nc3 Bg7 4. e4 d6 5. Be2 O-O 6. Be3 e5 7. d5 a5 8. g4 Ne8
9. h4 f5 10. gxf5 gxf5 11. h5 f4 12. Bd2 c5 13. h6 Bf6 14. Bg4 Kh8 15. Bxc8
Qxc8 16. Qe2 Nc7 17. a4 Nd7 18. Nf3 Qd8 19. O-O-O Rg8 20. Nh2 Qe7 21. Rdg1 Qf7
22. Qf3 1/2-1/2